A lot to be desired (Record no. 76394)

MARC details
000 -LEADER
fixed length control field 00897cab a2200193 4500
001 - CONTROL NUMBER
control field ##L132310
008 - FIXED-LENGTH DATA ELEMENTS--GENERAL INFORMATION
fixed length control field 060125n2006 000 0 eng u
035 ## - SYSTEM CONTROL NUMBER
System control number (Sirsi) u132310
041 0# - LANGUAGE CODE
Language code of text/sound track or separate title eng
100 1# - MAIN ENTRY--PERSONAL NAME
Personal name Fenn, Katharine
245 02 - TITLE STATEMENT
Title A lot to be desired
260 ## - PUBLICATION, DISTRIBUTION, ETC.
Date of publication, distribution, etc. 2006
490 #0 - SERIES STATEMENT
Series statement Estates Gazette
Volume/sequential designation (0603) 21 January 2006, 115(1)
520 ## - SUMMARY, ETC.
Summary, etc. Outlines a wide range of perceived problems with the draft Home Information Pack Regulations (L131567) sent out for consultation at the end of 2005 with responses required by 30 December 2005. Concludes that the regulations in their draft form are so complex that no DIY conveyancer will be able to prepare a home information pack.
590 ## - LOCAL NOTE (RLIN)
Local note IKA310106
650 24 - SUBJECT ADDED ENTRY--TOPICAL TERM
Topical term or geographic name entry element HOME INFORMATION PACK REGULATIONS 2006
690 ## - LOCAL SUBJECT ADDED ENTRY--TOPICAL TERM (OCLC, RLIN)
Topical term or geographic name as entry element PROPERTY-RESIDENTIAL PROPERTY-ACQUISITION AND DISPOSAL OF RESIDENTIAL PROPERTY-HOME BUYING REFORM
942 ## - ADDED ENTRY ELEMENTS (KOHA)
Suppress in OPAC 0
Holdings
Withdrawn status Lost status Source of classification or shelving scheme Damaged status Not for loan Home library Current library Shelving location Date acquired Total Checkouts Full call number Barcode Date last seen Copy number Price effective from Koha item type
    Dewey Decimal Classification     London London Journal article 25/01/2006   L132310 132310-1001 06/08/2019 1 06/08/2019 Journal article